Mandukyopanishat/ (Record no. 27499)

000 -LEADER
fixed length control field 00413nam a22001571a 4500
082 ## - DEWEY DECIMAL CLASSIFICATION NUMBER
Classification number S 294.592 18
Item number GOV/M
100 ## - MAIN ENTRY--AUTHOR NAME
Personal name Govindanand Giri Ji Maharaj
245 ## - TITLE STATEMENT
Title Mandukyopanishat/
Statement of responsibility, etc by Govindanand Giri Ji Maharaj
260 ## - PUBLICATION, DISTRIBUTION, ETC. (IMPRINT)
Place of publication Rishikesh:
Name of publisher Kailas Vidya Prakashan,
Year of publication 2000.
300 ## - PHYSICAL DESCRIPTION
Number of Pages 304p.
650 ## - SUBJECT ADDED ENTRY--TOPICAL TERM
Topical Term Mandukyo Upanishad
650 ## - SUBJECT ADDED ENTRY--TOPICAL TERM
Topical Term Upanishad
650 ## - SUBJECT ADDED ENTRY--TOPICAL TERM
Topical Term Hinduism
650 ## - SUBJECT ADDED ENTRY--TOPICAL TERM
Topical Term Religion
942 ## - ADDED ENTRY ELEMENTS (KOHA)
Koha item type Book
Holdings
Withdrawn status Lost status Damaged status Not for loan Permanent Location Current Location Date acquired Cost, normal purchase price Full call number Accession Number Cost, replacement price Price effective from Koha item type
        Sree Sankaracharya University of Sanskrit Sree Sankaracharya University of Sanskrit 08.01.2015 250.00 S 294.592 18 GOV/M 049212 0.00 08.01.2015 Book